[Event "AUT-ch"]
[Site "Moesern"]
[Date "1997.08.04"]
[Round "3"]
[White "Rolletschek, Heinrich"]
[Black "Schlosser, Michael"]
[Result "0-1"]
[WhiteElo "2325"]
[BlackElo "2350"]
[Annotator "Sommerbauer,N"]
[PlyCount "126"]
[EventDate "1997.08.??"]
[EventType "tourn"]
[EventRounds "15"]
[EventCountry "AUT"]
[EventCategory "6"]
[SourceTitle "CBM 059 Extra"]
[Source "ChessBase"]
[SourceDate "1997.09.26"]
[SourceVersion "1"]
[SourceVersionDate "1997.09.26"]
[SourceQuality "1"]

1. e4 c5 2. Nf3 e6 3. d3 Nc6 4. g3 d5 5. Nbd2 Nf6 6. Bg2 Be7 7. O-O Qc7 8. Re1
b6 9. Nf1 {Alternativen zum Text sind} (9. h4 Bb7 10. a3 O-O-O 11. e5 Nd7 12.
Qe2 h6 13. Nf1 Kb8 14. c3 Ka8 15. N1h2 Rdg8 16. Bd2 Nd8 17. b4 f5 18. exf6 gxf6
19. d4 Bd6 20. bxc5 bxc5 21. Reb1 c4 22. h5 f5 23. Nh4 Nf8 24. Nf1 $13 {
Ajanski,J-Bajovic,M/Plovdiv/1981/0-1 (41)}) (9. e5 Nd7 10. c4 Bb7 11. cxd5 exd5
12. d4 O-O 13. Nf1 cxd4 14. Bf4 Nc5 15. Nxd4 Nxd4 16. Qxd4 Ne6 17. Qd3 d4 18.
Bxb7 Qxb7 19. Bd2 Rfd8 20. b4 a5 21. a3 axb4 22. axb4 Rxa1 23. Rxa1 Bxb4 24.
Bxb4 $17 {Lagrotteria,S-Velickovic,S/Lugano op (4)/1989/0-1 (29)}) 9... dxe4 (
9... Bb7 10. Bf4 Qd8 11. e5 Nd7 12. h4 h6 13. h5 g5 14. hxg6 fxg6 15. c4 d4 16.
b4 Nxb4 17. Nh4 Bxg2 18. Nxg6 Rg8 19. Nxe7 Qxe7 20. Kxg2 O-O-O 21. a3 Nc6 22.
Nd2 Kb7 23. Re4 h5 24. Qxh5 $16 {Dorfman,J-Yudasin,L/URS-ch/1981/0.5 (42)}) 10.
dxe4 Bb7 11. e5 $6 {läßt Schwarz ungehindert groß rochieren} (11. c3 Rd8 12.
Qe2 (12. Qa4 Qd7 13. Bf4 O-O 14. Rad1 Nd4 15. Qxd7 Nxf3+ 16. Bxf3 Rxd7 17. Rxd7
Nxd7 18. Kg2 g5 19. Rd1 Bc6 20. Bd6 Bxd6 21. Rxd6 Ne5 22. Nd2 Rc8 23. Be2 g4
24. Ba6 $13 {Ljubojevic,L-Kurajica,B/Wijk aan Zee/1976/0-1 (61)}) 12... O-O 13.
e5 Nd7 14. h4 Ndb8 (14... Na5 15. b3 Nb8 16. N1h2 Qd7 17. Bg5 Bxg5 18. Nxg5
Bxg2 19. Kxg2 Qd5+ 20. Nhf3 Qd3 21. Qb2 Nac6 22. Re3 Qg6 23. h5 Qxh5 24. Rh1
$13 {Valkesalmi,K-Cramling,P (2)/SVE-FIN [4]/1989/0-1 (44)}) 15. Bf4 Ba6 16.
Qe3 Na5 17. N1h2 Bd3 18. b3 Bg6 19. Ng4 Rd3 20. Qc1 Rfd8 21. h5 Bxh5 22. Nf6+
Bxf6 23. exf6 Qc8 24. Bxb8 $16 {Galanov,B-Nikolaev,S/Gyor HUN-ch op (03)/1990/
1-0 (28)}) 11... Nd7 12. c3 O-O-O 13. Qe2 h6 14. g4 (14. h4 $5 g5 15. h5 (15.
hxg5 hxg5 16. Bxg5 (16. N1h2 Rh5 {/\Rdh8 -/+}) 16... Bxg5 17. Nxg5 $15) 15...
g4 16. N3h2 Ncxe5 $15 17. Nxg4 Bxg2 18. Nxe5 (18. Kxg2 Qb7+ $19 19. Qe4 Nxg4)
18... Bxf1 19. Kxf1 (19. Qxf1 $5 Nxe5 20. Rxe5 $3 Qxe5 21. Qa6+ Kd7 (21... Kb8
22. Bf4 Qxf4 23. gxf4 Rd2 $13) 22. Qb5+ Kc8 23. Qa6+ $11) 19... Nxe5 20. Qxe5
Qxe5 21. Rxe5 Bf6 22. Re1 Rd5 23. g4 Rg8 24. f3 Bh4 $15) 14... g5 15. Ng3 $15
Nf8 $1 16. Nh5 Ng6 17. Bd2 $4 Rd7 $6 (17... Ncxe5 18. Nxe5 Nxe5 19. Bxb7+ Kxb7
20. Bxg5 hxg5 21. Qxe5 Qxe5 22. Rxe5 Rd2 $17) 18. c4 Nd4 (18... Ncxe5 $6 19.
Nxe5 Nxe5 20. Bxb7+ Kxb7 21. Bc3 f6 $13 22. Bxe5 fxe5 23. Qxe5 Qxe5 24. Rxe5
Rd4 $13) 19. Nxd4 Rxd4 (19... cxd4 $6 {verstopft die einzige offene von
Schwarz beherrschte Linie}) 20. Bxb7+ (20. Bc3 Nh4) (20. f3 Nh4 21. Bc3 (21.
Bh1 $2 Bxf3 22. Bxf3 Rxd2) 21... Nxg2 22. Qxg2 (22. Kxg2 Rxg4+) (22. Bxd4 Nxe1)
22... Rd3 23. Rf1 Rhd8 $17) 20... Qxb7 21. f3 Nh4 22. Bc3 (22. Rf1 Rxd2 23.
Qxd2 Nxf3+ 24. Rxf3 Qxf3 $19) 22... Nxf3+ 23. Kf2 Nxe1 24. Bxd4 Qg2+ (24...
cxd4 25. Rxe1 Rd8 26. Qd3 {Weiß baut eine Blockadestellung auf}) 25. Kxe1 Qh1+
26. Qf1 Qe4+ 27. Qe2 Qxd4 28. Kf1 (28. Rd1 Qg1+ 29. Kd2 (29. Qf1 Qxh2) 29...
Rd8+ 30. Kc1 Rxd1+ 31. Qxd1 Qe3+ 32. Qd2 Qxe5) 28... Rd8 29. Re1 Rd7 30. b3 Qc3
31. Qe4 Kb8 32. Kg2 Rd4 $19 33. Qe3 Rxg4+ 34. Ng3 Qxe3 35. Rxe3 Bd8 36. h3 Rd4
37. Ne2 Rd7 38. Kf3 {/\Kg4,Kh5 |^} h5 39. Ng3 h4 40. Ne4 Kc7 41. Kg4 Rd1 42.
Kh5 Rf1 43. Kh6 Rf5 44. Nd6 {[#]} g4 (44... Rf2 45. Nb5+ Kb7 46. Rd3 a6 47.
Rd7+ (47. Rxd8 axb5 48. cxb5 (48. Kxg5 bxc4 49. bxc4 Rf5+ 50. Kxh4 Rxe5 51.
Rd7+ Kc6 52. Rxf7 Re4+ 53. Kg5 Rxc4 $17) 48... Rf5 $15) 47... Kc8 48. Rxf7 Rxf7
49. Nd6+ Kd7 50. Nxf7 g4 $19) 45. Nxf5 exf5 46. Rd3 (46. hxg4 $1 fxg4 47. Kh5 (
47. Kg7 g3 48. Kxf7 g2 49. Re1 h3 50. e6 h2 51. e7 Bxe7 52. Rxe7+ Kc8 53. Re8+
Kb7 54. Re7+ Ka6 $19) 47... g3 48. Kg4 $13 Bg5 (48... g2 $2 49. Re1) 49. Re2)
46... g3 47. Kh5 (47. Kg7 f4 48. Kxf7 g2 49. Rd1 (49. Rxd8 g1=Q (49... Kxd8 50.
e6 g1=Q 51. e7+ Kc7 52. e8=Q Qd4 $17)) 49... f3 50. e6 f2 51. Rd7+ Kc6) 47...
Be7 48. Rd1 Kc6 49. a3 b5 50. Rd2 bxc4 51. bxc4 a6 52. Rd1 Kb6 53. Rb1+ (53. e6
$5 fxe6 54. Re1 $17) 53... Ka5 54. Rb8 (54. Rb7 Ka4 55. Rxe7 g2 56. e6 g1=Q 57.
exf7 Qg7) 54... Ka4 $19 55. Rg8 Kxa3 56. Rg7 Bf8 57. Rg5 f4 58. Kg4 Kb4 59. Rg8
(59. Kxf4 $4 Bh6) 59... Bh6 60. Kf3 Kxc4 61. Ke4 a5 62. Rg4 a4 63. Rxh4 a3 0-1

[Event "Bundesliga 9899"]
[Site "Germany"]
[Date "1998.10.18"]
[Round "2.5"]
[White "Tischbierek, Raj"]
[Black "Mueller, Matthias"]
[Result "1-0"]
[WhiteElo "2525"]
[BlackElo "2385"]
[Annotator "Tischbierek,R"]
[PlyCount "59"]
[EventDate "1998.10.17"]
[EventType "team-tourn"]
[EventRounds "15"]
[EventCountry "GER"]
[SourceTitle "GER-chT"]
[Source "ChessBase"]
[SourceDate "1999.07.01"]
[SourceVersion "1"]
[SourceVersionDate "1999.07.01"]
[SourceQuality "1"]
[WhiteTeam "Dresden"]
[BlackTeam "Erfurt"]
[WhiteTeamCountry "GER"]
[BlackTeamCountry "GER"]

1. g3 d5 2. Bg2 c5 3. Nf3 Nf6 4. O-O Nc6 5. d3 e6 6. Nbd2 Be7 7. e4 O-O 8. Re1
b5 9. e5 Nd7 10. Nf1 a5 11. h4 b4 12. Bf4 Ba6 13. Ng5 Qe8 14. c4 $6 bxc3 15.
bxc3 h6 16. Nh3 Rb8 17. c4 Nb6 18. Ne3 dxc4 19. dxc4 $2 (19. Bxh6 gxh6 20. Qg4+
Kh8 21. Qh5 Kg7 22. Qg4+ Kh8 23. Qh5 $11) 19... Nd4 $17 20. Qg4 Kh8 21. Rab1 $5
Nxc4 22. Bxh6 $8 (22. Rxb8 Qxb8 {>< e5}) 22... gxh6 23. Qh5 (23. Rxb8 Qxb8 {
>< e5}) 23... f5 $2 (23... Rxb1 24. Qxh6+ Kg8 25. Ng5 Rxe1+ 26. Kh2 Bxg5 27.
Qxg5+ $11) (23... Nxe3 $1 24. fxe3 (24. Qxh6+ Kg8 25. Ng5 Bd3 $19 26. Rxb8 Qxb8
) 24... Rxb1 25. Rxb1 Nf5 26. g4 (26. e4 Ng7 27. Qxh6+ Kg8) 26... Be2 27. Nf4
Bxg4 28. Qxg4 Rg8 $17) 24. Qxh6+ Kg8 25. Rxb8 Qxb8 26. Qg6+ Kh8 27. Nd5 $5 (27.
Qh6+ $11) 27... Qd8 $4 (27... Qa7 28. Ndf4 $5) (27... Qe8 28. Qh6+ Kg8 29. Nf6+
$5 (29. Nc7) 29... Bxf6 30. exf6 {/\ Ng5}) 28. Nhf4 $1 $18 {/\ Nh5} Nxe5 29.
Rxe5 Bd6 30. Nxe6 1-0

[Event "Osterskars op"]
[Site "Osterskars"]
[Date "1995.??.??"]
[Round "2"]
[White "Davies, Nigel Rodney"]
[Black "Charnushevich, Aliaksei"]
[Result "0-1"]
[WhiteElo "2505"]
[BlackElo "2325"]
[Annotator "Tisdall,J"]
[PlyCount "82"]
[EventDate "1995.08.??"]
[EventType "swiss"]
[EventRounds "9"]
[EventCountry "SWE"]
[SourceTitle "EXT 1997"]
[Source "ChessBase"]
[SourceDate "1996.11.15"]
[SourceVersion "1"]
[SourceVersionDate "1996.11.15"]
[SourceQuality "1"]

{This game was the beginning of a fine series of results by the promising
Belorussian teenager Alex Chernuschevich. Despite his tender age, he evinced a
ferocious ... professionalism, that worried many of the more experienced
players he met. In this game he was accused of "blitzing" his opponent in
Davies' time trouble, which the Englishman found very upsetting.
Chernuschevich finally loosened up at the closing ceremony where he could be
seen smiling for the first time in the event.} 1. e4 c5 2. Nf3 e6 3. Qe2 {
Davies has been reading Chigorin biographies lately. This kind of thing suits
his style. Nigel likes to creep up slowly on you, veiling his violent
intentions until the last possible minute.} Nc6 4. g3 Nge7 5. Bg2 d5 6. d3 g6
7. O-O Bg7 8. Re1 O-O 9. c3 b5 10. e5 a5 {Black's plan is not so easy to find
in this position. I would be tempted to throw in ...h6 to hinder the exchange
of dark-squared bishops, which is always an alarming development for black.}
11. a4 {Davies was not too impressed by black's stereotyped advances on this
flank, and generally a successfully timed a2-a4 does take some of the wind out
of black's sails. On the other hand, black's choice of opening plan has not
been optimal and now he does have to get some play somewhere, and at least
this opens a front for action.} Ba6 12. axb5 Bxb5 13. Na3 Qb6 14. Bg5 Rab8 {
I still think ...h6 should be tried, simply to prevent white from gaining
freedom of action on the black squares around the king. Davies certainly plays
the position as if this is of paramount importance.} 15. Qd2 Ba6 16. Rab1 Rb7
17. h4 $1 {Intending to further expose the black kingside and create a
permanent attack HQ on g5.} Rfb8 18. h5 Qd8 19. hxg6 hxg6 20. Bf1 Rb3 21. Bf6
Bxf6 $5 {A very strange decision, inviting a very hostile pawn into his den as
well as opening up the e-line and e5 square for white's pleasure. The plus
side is that white began to fall further and further behind on the clock
trying to find the appropriate punishment for black's odd defensive series.} (
21... Qb6 {does not pack much punch as an alternative:} 22. Qf4 {planning Sg5,
Dh4.} (22. Qg5 $6 Nf5) 22... Nf5 (22... Rxb2 $2 23. Bxe7 Nxe7 24. Rxb2 Qxb2 25.
Rb1) 23. g4 Nh6 24. Bg5) (21... Qf8 $5 {looks safer, but I am less clear about
the assessment of the game than I was when I started.}) 22. exf6 Nf5 23. Qg5
Nd6 {[#]} 24. Rxe6 $5 Bc8 $6 {A meek reply; I would have thought that black's
recent provocations were aimed at taking what white has been enticed into
throwing at him.} (24... fxe6 25. Qxg6+ Kf8 26. Ng5 {is clearly out, but}) (
24... Rxa3 $5 {is probably the best way to meet the challenge, when white has
a difficult task:} 25. Rbe1 $1 {Davies' intention.} Ra4 $1 {preventing Dh4,
and now I remember being convinced by some attacking idea at the time, but
matters seem considerably murkier, now that my regular drink is coffee again.}
(25... Rxb2 26. Rxd6) 26. Ne5 $5 (26. Qxd5 fxe6 27. Qxe6+ Nf7 $1 (27... Kf8 28.
Ng5 Rb7 29. Bg2 $1 {seems to give white full value, a sample:} Nf7 30. Bd5 Qd7
31. Qxd7 Rxd7 32. Ne6+ Kg8 33. Bxc6 Ne5 34. Rxe5 Ra1+ 35. Kg2 $18) 28. Ng5 Qf8
{and I see no way to increase the pressure to compensate for the huge material
investment.}) (26. Qh6 Nf5 27. Re8+ Qxe8 28. Rxe8+ Rxe8 29. Qh3 Re6 30. Ng5
Rxf6 31. Qh7+ Kf8 32. Qh8+ Ke7 33. Nh7 Rd6 $1 34. Qf8+ Kd7 35. Qxf7+ Kc8 {
and black's chances appear better.}) 26... Nxe5 27. R1xe5 Bb7 $5 {This tricky
move seems best, with the crafty idea of meeting} (27... fxe6 $2 28. Qxg6+) (
27... Bc8 $2 28. Qh6 Qf8 29. Re8) (27... Ra1 28. Rxd5 fxe6 29. Qxg6+ Kf8 30.
Rxd6 Qc7 31. Rxa6 $18) 28. Qh6 {with} Nf5 $1 29. Rxf5 Qf8 30. Qg5 {and now
both ...Lc8 and ...Kh7!? pose serious questions.}) 25. Ree1 Ne8 26. Rxe8+ $1 {
Preserving the f-pawn gives white excellent long-term attacking chances.} Qxe8
27. Re1 Be6 28. Nc2 Rxb2 29. Qh4 Qd8 30. Rxe6 $1 fxe6 31. Ne3 $2 {In grave
time-pressure, Davies exercises remarkable restraint. The blunt} (31. Bh3 {
should win:} Qd7 (31... Kf7 32. Ng5+ Ke8 33. Qh8+ Kd7 34. Qg7+ Ne7 35. Nxe6)
32. Ng5 Nd8 33. f7+ Nxf7 34. Bxe6) 31... R2b7 32. Qg5 Rh7 $1 (32... Qe8 33. Nh4
Kh7 34. Ng4 {still gives white good compensation.}) 33. Qxg6+ Kh8 34. f7 (34.
Ng5 Qg8 {keeps black on top.}) 34... Qf8 35. Ng5 Qg7 $2 (35... Rh6 {looks to
win cleanly, but all eyes and hands were on the clock.}) 36. Qxe6 Qxg5 $2 (
36... Rh6 {was still better, though now white has regained compensation.}) 37.
Qxc6 $4 {A tragic end to an exciting game. The simple} (37. Qe8+ {wins at once.
}) 37... Rxf7 38. Qxc5 Rbf8 39. Qd4+ Qf6 40. Qxf6+ Rxf6 41. f4 a4 0-1

[Event "Moscow2"]
[Site "Moscow"]
[Date "1995.??.??"]
[Round "?"]
[White "Vasiukov, Evgeni"]
[Black "Balashov, Yuri S"]
[Result "1-0"]
[WhiteElo "2490"]
[BlackElo "2560"]
[Annotator "Vasiukov,E"]
[PlyCount "57"]
[EventDate "1995.04.??"]
[EventType "tourn"]
[EventRounds "9"]
[EventCountry "RUS"]
[EventCategory "11"]
[SourceTitle "CBM 047"]
[Source "ChessBase"]
[SourceDate "1995.08.01"]
[SourceVersion "1"]
[SourceVersionDate "1995.08.01"]
[SourceQuality "1"]

1. e4 c5 2. Nf3 e6 3. d3 Nc6 4. g3 d5 5. Qe2 (5. Nbd2) 5... Nge7 6. h4 $1 (6.
Bg2) 6... h6 7. h5 dxe4 8. dxe4 (8. Qxe4 Nd5 $10) 8... Nd4 $1 9. Nxd4 cxd4 10.
Bg2 Nc6 $6 (10... e5 $10) 11. e5 $1 Qc7 (11... Qa5+ 12. Nd2 Nxe5 13. O-O $44)
12. O-O Nxe5 $6 (12... Bd7 $5) 13. Bf4 Bd6 14. Na3 a6 15. Rfd1 $1 Nc6 $6 (15...
O-O $5 16. Rxd4 f6 17. Nc4 Nxc4 (17... Bc5 18. Re4 Bd7 19. Nxe5 fxe5 20. Be3
$16) 18. Rxc4 Qe7 19. Bxd6 Qxd6 20. Rd1) 16. Bxd6 Qxd6 17. Nc4 Qc7 (17... Qc5
18. Bxc6+ $1 bxc6 19. c3 dxc3 $2 20. Nd6+ Ke7 21. Rac1 Rd8 22. Rxc3 Qb6 23.
Rcd3 $18) 18. Bxc6+ $1 Qxc6 (18... bxc6 19. Rxd4 O-O 20. Qe5 $1 $16) 19. Rxd4
O-O 20. Rad1 $16 b5 21. Ne5 Qc7 22. c3 Rb8 (22... Bb7 23. Rd7 Qc8 24. Ng6 $1
fxg6 (24... Re8 25. R1d6 $1 $19 (25. Ne7+ Rxe7 26. Rxe7 Qc6 27. f3 Qxf3 28.
Qxf3 Bxf3 29. Rdd7 Bxh5 30. Ra7 Rd8 31. Red7 $14)) 25. Qxe6+ Kh8 26. Qxg6 Rg8
27. R1d6 {/\28.Qh6 gh 29.Rh6#/} Qf8 28. Rxb7 $18) 23. Qe3 Rb7 24. Rd6 a5 25. a3
(25. Qd4 $5) 25... Re8 26. Qd4 $16 Qe7 $2 (26... Kh7 $32) 27. Nc6 $1 $18 Qc7 (
27... Qf8 28. Nxa5 $18) (27... Qf6 28. Qxf6 gxf6 29. Rd8 Rxd8 30. Rxd8+ Kg7 31.
Rxc8 $18) 28. Qc5 $1 Rb8 (28... Rb6 29. Qxb6 Qxb6 30. Ne7+ Rxe7 31. Rxb6 $18) (
28... Kh7 29. Rd8 $1 Rxd8 30. Rxd8 Bd7 31. Qf8 $18) 29. Rd8 (29. Rd8 Bb7 30.
Ne7+ Qxe7 31. Qxe7 $18) 1-0

[Event "Abu Dhabi op 11th"]
[Site "Abu Dhabi"]
[Date "2001.08.27"]
[Round "3"]
[White "Sale, Srdjan"]
[Black "Volzhin, Alexander"]
[Result "0-1"]
[WhiteElo "2381"]
[BlackElo "2524"]
[Annotator "Volzhin,A"]
[PlyCount "94"]
[EventDate "2001.08.25"]
[EventType "swiss"]
[EventRounds "9"]
[EventCountry "UAE"]
[SourceTitle "EXT 2004"]
[Source "ChessBase"]
[SourceDate "2003.11.25"]
[SourceVersion "1"]
[SourceVersionDate "2003.11.25"]
[SourceQuality "1"]

1. Nf3 Nf6 2. g3 d5 3. Bg2 c5 4. O-O Nc6 5. d3 e6 6. Nbd2 Be7 7. e4 O-O 8. Re1
b5 9. e5 Ne8 $5 {A relatively rare line.} (9... Nd7 {is Black's usial choise.
It's impossible to claim which is better - both continuations have their
merits and drawbacks.}) 10. Nf1 b4 ({Black has also tried} 10... a5 {but
normally it leads to the same positions:} 11. h4 b4 12. Bf4 ({An exiting game
McShane,L-Davies,N/England 1997/CBM 64 continued:} 12. N1h2 a4 13. a3 bxa3 14.
bxa3 Nc7 15. Bg5 Ba6 16. Qd2 Rb8 17. Ng4 Kh8 18. Bxe7 Qxe7 19. h5 h6 20. Qf4 ({
White can't sacrifice a piece:} 20. Nxh6 gxh6 21. Qxh6+ Kg8 22. Ng5 f6 {
-this line illustrate one of the merits of Black's 9th move: e6-square is
firmly protected.}) 20... Rb2 21. Rab1 Rxb1 22. Rxb1 c4 23. Rb6 Qc5 24. Rxa6
Nxa6 25. Nxh6 f5 26. dxc4 Nc7 27. Nh4 Kh7 28. cxd5 Nxd5 29. Bxd5 Qxd5 30. Ng6
Rb8 31. Kh2 gxh6 {and White resigned.}) 12... a4 13. a3 bxa3 14. bxa3 Nc7 15.
h5 Nb5 16. h6 g6 17. c4 $6 (17. Qd2 {/\Bg5}) 17... Nbd4 18. Nxd4 Nxd4 19. Ne3
Bb7 20. Rb1 Bc6 21. Nc2 Qd7 22. Nxd4 cxd4 23. cxd5 Bxd5 24. Bxd5 Qxd5 $17 {
and Black is clearly better, Sandipan-Davies, Dhaka 2001}) (10... a5) 11. h4
Nc7 12. N1h2 a5 13. h5 a4 14. h6 g6 15. a3 bxa3 16. bxa3 Nb5 17. Be3 $1 {
The correct plan: White intends the exchange of dark-squared bishops after Qd2,
Bg5. Therefore Black can't dawdle.} (17. c4 $6 Nbd4 $15) 17... c4 $5 {The only
attemp to obtain counterplay.} 18. dxc4 Nxa3 19. cxd5 exd5 20. Nd4 Nxd4 21.
Bxd4 Be6 $6 ({Natural-looking} 21... Bf5 $1 {should be preffered:} 22. Ra2 (22.
c4 $6 {is not good in view of} dxc4 $1 (22... Nxc4 23. Rxa4 $11) 23. Bxa8 Qxa8
$17 {with tremendous compensation.}) 22... Qa5 $1 {/\Nc2} 23. Nf3 (23. c3 Rfb8
$17) (23. Re2 Rfb8 $17) 23... Be4 {and I prefer Black.}) 22. c3 Qd7 23. Bf3 $1
{Intending Ng4-f6.} Nc4 24. Ng4 a3 $6 {A gross inaccuracy.} (24... Qc6 {
should be played.}) 25. Nf6+ $2 {Missing his chance.} (25. Bc5 $1 $16 {secured
White huge edge.}) 25... Bxf6 26. exf6 Rfb8 $15 {How Black is fine due to his
strong passed pawn while White can't exploit his superiority on dark squares.}
27. Bc5 Rb2 28. Re2 Rxe2 29. Bxe2 Qc7 {The pawn on a3 looks weak but White
can't win it!} 30. Qd4 a2 $1 31. Bd1 Ne5 $1 32. Bb4 (32. Bb6 Qb8 {/\Nd7}) 32...
Nc6 33. Qc5 Qc8 $1 $17 34. Ba3 Ra5 35. Qd6 d4 $1 {Now the pawn on a2 is not in
danger any more.} 36. Bf3 (36. cxd4 Rb5 $1 (36... Rd5 37. Qf4 $13) 37. Bc2 $8
Rd5 38. Qf4 Nxd4 39. Bd1 Rd8 $17) 36... Rb5 37. Be4 Ne5 $6 $138 {Time-trouble
inaccuracy.} (37... dxc3 $1 38. Rd1 c2 $1 39. Bxc2 Rd5 $1 $19 {won on the spot.
}) 38. cxd4 $6 (38. Bb4 $1 {was the only move:} dxc3 39. Bxc3 (39. Qd4 $2 c2
40. Bxc2 Nf3+) 39... Nd7 $15 {and I believe White should hold draw.}) 38... Nc4
39. Qe7 Nd2 40. d5 (40. Rc1 a1=Q 41. Rxa1 Nxe4 $19) 40... Rb7 $1 $19 {Now the
game is over.} 41. Qc5 (41. dxe6 Rxe7 42. fxe7 Nxe4 43. Rxa2 fxe6 $19) (41.
Qf8+ Qxf8 42. Bxf8 Nxe4 43. Rxa2 Rb1+ 44. Kg2 Bxd5 $19) 41... Qxc5 42. Bxc5
Nxe4 {The last trick:} (42... Bxd5 $4 43. Rxa2 $1) 43. Rxa2 Rb1+ 44. Kh2 Bxd5
45. Re2 Nxf6 46. g4 Nxg4+ 47. Kg3 Be6 0-1